00529nam a2200181 a 45000010010000000030011000100080041000210350026000620820016000881000020001042450035001242600037001596500014001969420012002109520090002229980020003129990015003320000-8505ELIB.Books110520 1993  a(ELIB.Books)0000-8650 a234.1 bOde aOden, Thomas C. aThe Trasforming Power of Grace bNashville: Abingdon Press c1993 aSalvation 2ddccBK 00102ddc4070aKBTSbKBTSd2011-05-20l0p2096r2022-01-22 00:00:00w2022-01-22yBK cbate2011-05-20 c8505d8505